00870nam a2200229 i 4500001000700000003000900007005001700016007000300033008004100036100002700077245010200104260005100206300003600257500002300293505005000316700003400366700003500400740004200435852002200477999001900499952012200518128654ES-MaACL20230906193333.0t|070521s1912 fr ||||1| fre d1 aTannery, Paul.910920610aMémoires scientifiques publiés / cPaul Tannery ; publiés par J.L. Heiberg et H.G. Zeuthen. aToulouse : b[s.n.], c1912 (fEdouard Privat) a2 v., lám. : bil. ; c24 cm. aRetrato del autor.8 aContiene: Sciences exactes dans l'antiquité1 aHeiberg, Johan Ludvig.9623341 aZeuthen, Hieronymus G.91182140 aSciences exactes dans l' antiquité. aES-MaACLjF-981-2 c128654d128654 00104070aATENEOMbATENEOMcDEPO2d2008-01-17eSCl0oF-981-2p1133986r2023-02-23 00:00:00w2023-02-23yMONOGRAFIA